000 00660nam a22002177a 4500
003 UA-OsUOA
001 107981
007 ta
008 20140924b un ||||| |||| 00| 0 ukr d
100 _aРевчук С.
090 _a81
_bР32
942 _cSA
040 _aUA-OsUOA
_bukr
_cUA-OsUOA
_dUA-OsUOA
245 _aКомпетентнісно зорієнтовані завдання у практиці вчителя-словесника
300 _aС.22-30
955 _a0
041 _aukr
080 _a81
773 0 _w107977
650 7 _a8 Мовознавство. Художня література. Літературознавство
_2UDC
999 _c394268
_d394268